| 000 | 00516nam a2200205Ia 4500 | ||
|---|---|---|---|
| 001 | 20402 | ||
| 003 | GE_BSU | ||
| 008 | 181216s||||||||xx |||||||||||||| ||und|| | ||
| 040 | _cGE_BSU | ||
| 245 | 4 | _aThe Economist, March 25th-31st 2017. #9033 | |
| 245 | _bVolume 422 | ||
| 260 | _aParis | ||
| 260 | _c2017 | ||
| 300 | _a82 p. 27cm. ill. | ||
| 653 | _aThe Economist, March 25th-31st 2017. #9033 | ||
| 653 | _aVolume 422 | ||
| 653 | _aПериодика | ||
| 653 | _aპერიოდიკა | ||
| 942 | _cCR | ||
| 999 |
_c53359 _d53359 |
||